Heat and mass transfer data book (S.I. units) (Record no. 7342)

000 -LEADER
fixed length control field 00484nam a2200169Ia 4500
008 - FIXED-LENGTH DATA ELEMENTS--GENERAL INFORMATION
fixed length control field 200103s 1996 ||||xx |||||||||||||| ||und||
082 ## - DEWEY DECIMAL CLASSIFICATION NUMBER
Classification number 621.4022
Item number DOM
100 ## - MAIN ENTRY--PERSONAL NAME
Personal name Domkundwar, V. M.
245 #0 - TITLE STATEMENT
Title Heat and mass transfer data book (S.I. units)
260 ## - PUBLICATION, DISTRIBUTION, ETC. (IMPRINT)
Name of publisher, distributor, etc Dhanpat Rai & Sons
Date of publication, distribution, etc 1996
Place of publication, distribution, etc Delhi
300 ## - PHYSICAL DESCRIPTION
Extent 242 p.: ill.
650 ## - SUBJECT ADDED ENTRY--TOPICAL TERM
Topical term or geographic name as entry element Heat transfer
650 ## - SUBJECT ADDED ENTRY--TOPICAL TERM
Topical term or geographic name as entry element radiation heat transfer
650 ## - SUBJECT ADDED ENTRY--TOPICAL TERM
Topical term or geographic name as entry element Mass transfer
700 ## - ADDED ENTRY--PERSONAL NAME
Personal name Domkundwar, A. V.
Relator term Co-author
942 ## - ADDED ENTRY ELEMENTS (KOHA)
Item type Books
Holdings
Withdrawn status Lost status Source of classification or shelving scheme Damaged status Not for loan Collection code Permanent location Current location Shelving location Date acquired Total Checkouts Total Renewals Full call number Barcode Date last seen Date last borrowed Koha item type Public note
          Non-fiction IMU-MPC Library IMU-MPC Library General Stacks 2020-01-08 2 4 621.4022 DOM LBS10483 2025-06-30 2025-04-19 Books Column - 30
          Non-fiction IMU-MPC Library IMU-MPC Library General Stacks 2020-01-08 1 2 621.4022 DOM MPCGEC351 2025-03-17 2024-12-03 Books Column - 30
Copyright © 2021 Indian Maritime University, Mumbai Port Campus. All Rights Reserved. Managed & Maintained by Central Library, IMU-Mumbai

webs counters

Powered by Koha